SEC Handbook Securities Exchange Act of 1934 with The Rules and Forms Under That Act / (Record no. 615469)

000 -LEADER
fixed length control field 00410nam a22001337a 4500
020 ## - INTERNATIONAL STANDARD BOOK NUMBER
Qualifying information PB.
040 ## - CATALOGING SOURCE
Transcribing agency FIIZZA ISHAQ
082 ## - DEWEY DECIMAL CLASSIFICATION NUMBER
Classification number 346.730
Author Mark DON
100 ## - MAIN ENTRY--PERSONAL NAME
Personal name DONNELLEY ,FINANCIAL RR.
9 (RLIN) 132209
245 ## - TITLE STATEMENT
Title SEC Handbook Securities Exchange Act of 1934 with The Rules and Forms Under That Act /
Statement of responsibility, etc. RR DONNELLEY FINANCIAL.
260 ## - PUBLICATION, DISTRIBUTION, ETC.
Name of publisher, distributor, etc. RR DONNELLEY FINANCIAL
Date of publication, distribution, etc. 2002.
300 ## - PHYSICAL DESCRIPTION
Extent 1002 p. ;
942 ## - ADDED ENTRY ELEMENTS (KOHA)
Source of classification or shelving scheme
Koha item type Book
Holdings
Withdrawn status Lost status Source of classification or shelving scheme Damaged status Not for loan Permanent Location Current Location Shelving location Date acquired Total Checkouts Full call number Barcode Date last seen Price effective from Koha item type
          NUST Baluchistan Campus (NBC) NUST Baluchistan Campus (NBC) Text Books 12/08/2025   346.730 DON QD-843 12/08/2025 12/08/2025 Book
© 2023 Central Library, National University of Sciences and Technology. All Rights Reserved.